| Tag |
First Indicator |
Second Indicator |
Subfields |
| LEADER |
00000cam a22000004a 4500 |
| 001 |
in00001523398 |
| 005 |
20151021170401.0 |
| 008 |
991105s2000 njua 001 0 eng |
| 010 |
|
|
|a 99057903
|
| 015 |
|
|
|a GB99-X7470
|
| 019 |
|
|
|a 41420832
|
| 020 |
|
|
|a 0130832928
|
| 029 |
1 |
|
|a UKM
|b b99X7470
|
| 035 |
|
|
|a (OCoLC)42921296
|
| 040 |
|
|
|a DLC
|c DLC
|d UKM
|d C#P
|d UtOrBLW
|
| 042 |
|
|
|a pcc
|
| 049 |
|
|
|a TXAM
|
| 050 |
0 |
0 |
|a QA76.9.U83
|b T66 2000
|
| 082 |
0 |
0 |
|a 005.13/3
|2 21
|
| 100 |
1 |
|
|a Topley, Kim.
|
| 245 |
1 |
0 |
|a Core Swing :
|b advanced programming /
|c Kim Topley.
|
| 264 |
|
1 |
|a Upper Saddle River, NJ :
|b Prentice Hall PTR,
|c [2000]
|
| 264 |
|
4 |
|c ©2000
|
| 300 |
|
|
|a xxvii, 930 pages :
|b illustrations ;
|c 24 cm. +
|e 1 CD-ROM (4 3/4 in.)
|
| 336 |
|
|
|a text
|b txt
|2 rdacontent
|
| 337 |
|
|
|a unmediated
|b n
|2 rdamedia
|
| 338 |
|
|
|a volume
|b nc
|2 rdacarrier
|
| 490 |
1 |
|
|a Prentice Hall PTR core series
|
| 500 |
|
|
|a Includes index.
|
| 538 |
|
|
|a System requirements: Microsoft Windows 95/98/NT, Sun Solaris, or Red Hat Linux.
|
| 650 |
|
0 |
|a Graphical user interfaces (Computer systems)
|
| 630 |
0 |
0 |
|a Swing (Computer file)
|
| 650 |
|
0 |
|a Java (Computer program language)
|
| 630 |
0 |
0 |
|a Java foundation classes.
|
| 650 |
|
4 |
|a Java (Computer program language)
|
| 830 |
|
0 |
|a Prentice Hall PTR core series.
|
| 945 |
|
|
|i promptcat
|
| 949 |
|
|
|l A14823790231
|
| 994 |
|
|
|a 92
|b TXA
|
| 948 |
|
|
|a cataloged
|b h
|c 2000/2/21
|d c
|e jlanham
|f 12:16:15 pm
|
| 999 |
|
|
|a MARS
|
| 999 |
f |
f |
|s c313243a-674b-36de-b236-a8eeb20f597d
|i f6fde831-13f9-3648-8cf2-a5bd9815f521
|t 0
|
| 952 |
f |
f |
|p normal
|a Texas A&M University
|b College Station
|c Sterling C. Evans Library
|d Evans: Library Stacks
|t 0
|e QA76.9.U83 T66 2000
|h Library of Congress classification
|i unmediated -- volume
|m A14825588397
|
| 952 |
f |
f |
|p normal
|a Texas A&M University
|b College Station
|c Sterling C. Evans Library
|d Evans: Library Stacks
|t 0
|e QA76.9.U83 T66 2000
|h Library of Congress classification
|i unmediated -- volume
|k CD-ROM
|m A14825588402
|
| 998 |
f |
f |
|a QA76.9.U83 T66 2000
|t 0
|l Evans: Library Stacks
|